Fire below
| Main Author: | |
|---|---|
| Format: | Book |
| Published: |
London :
J.M.Dent & Sons Ltd ,
1988
|
| Subjects: |
MARC
| LEADER | 00000cam a2200000 7i4500 | ||
|---|---|---|---|
| 001 | 0000008134 | ||
| 002 | 000008874 | ||
| 005 | 20000330.0 | ||
| 020 | |a 0460125591 | ||
| 090 | 0 | 0 | |a F |b YAT |
| 100 | 1 | |a Yates, Dornford | |
| 245 | 1 | 0 | |a Fire below |c Dornford Yates |
| 260 | |a London : |b J.M.Dent & Sons Ltd , |c 1988 | ||
| 300 | |a 202p. ; |c 22cm. | ||
| 650 | 0 | 0 | |a Thriller fiction |
| 999 | |a 023263 |b BUKU |c PINJAMAN |e PERPUSTAKAAN KOMUNITI PETALING JAYA | ||